000 00403pab a2200133 454500
008 180718b xxu||||| |||| 00| 0 eng d
100 _aDatt Ruddar
245 _aJobless growth: implications of new economic policy
362 _a29(4), Apr 1994, p.407-27
650 _a Economic Development -- India
650 _aUnemployment -- India
773 _aIndian Journal of Industrial Relations
909 _a27657
999 _c27657
_d27657